All Journey Songs - Statistics

General Stats
  • This quiz has been taken 15 times
  • The average score is 36 of 189
Answer Stats
Answer % Correct
Escape Don't Stop Believin
91%
Infinity Lights
73%
Escape Who's Crying Now
73%
Look Into The Future Anyway
64%
Frontiers Faithfully
64%
Escape Open Arms
64%
Departure Any Way You Want It
55%
Evolution Just The Same Way
55%
Vision Quest: Soundtrack Only The Young
55%
Frontiers Separate Ways (Worlds Apart)
55%
Escape Stone In Love
55%
Departure Walks Like A Lady
55%
Infinity Anytime
45%
Two Of A Kind: Soundtrack Ask The Lonely
45%
Trial By Fire Can't Tame The Lion
45%
Escape Escape
45%
Raised On Radio Girl Can't Help It
45%
Departure Line Of Fire
45%
Evolution Lovin' Touchin' Squeezin'
45%
Frontiers Send Her My Love
45%
Infinity Wheel In The Sky
45%
Trial By Fire When You Love A Woman
45%
Frontiers After The Fall
36%
Trial By Fire Castles Burning
36%
Evolution City Of The Angels
36%
Escape Dead Or Alive
36%
Captured Dixie Highway
36%
Evolution Do You Recall
36%
Frontiers Edge Of The Blade
36%
Infinity Feeling That Way
36%
Frontiers Frontiers
36%
Raised On Radio I'll Be Alright Without You
36%
Infinity La Do Da
36%
Evolution Lady Luck
36%
Trial By Fire Message Of Love
36%
Escape Mother, Father
36%
Escape Still They Ride
36%
Raised On Radio Suzanne
36%
Revelation After All These Years
27%
Arrival All The Way
27%
Raised On Radio Be Good To Yourself
27%
Infinity Can Do
27%
Evolution Daydream
27%
Departure Departure
27%
Trial By Fire Easy To Fall
27%
Departure Good Morning Girl
27%
Arrival Higher Place
27%
Look Into The Future I'm Gonna Leave You
27%
Escape Keep On Runnin
27%
Dream, After Dream Little Girl
27%
Departure Little Girl (2006 Remaster Bonus Track)
27%
Evolution Lovin' You Is Easy
27%
Raised On Radio Once You Love Somebody
27%
Trial By Fire One More
27%
Tron: Soundtrack Only Solutions
27%
Infinity Opened The Door
27%
Infinity Patiently
27%
Departure Precious Time
27%
Raised On Radio Raised On Radio
27%
Frontiers Rubicon
27%
Departure Someday Soon
27%
Infinity Somethin' To Hide
27%
Next Spaceman
27%
Departure Stay Awhile
27%
Evolution Sweet And Simple
27%
Departure Where Were You
27%
Raised On Radio Why Can't This Night Go On Forever
27%
Infinity Winds Of March
27%
Trial By Fire Baby I'm A Leavin' You (Hidden Track)
18%
Frontiers Back Talk
18%
Frontiers Chain Reaction
18%
Eclipse City Of Hope
18%
Trial By Fire Colors Of The Spirit
18%
Trial By Fire Don't Be Down On Me Baby
18%
Trial By Fire Forever In Blue
18%
Raised On Radio Happy To Give
18%
Next Here We Are
18%
Departure Homemade Love
18%
Next Hustler
18%
Departure I'm Cryin'
18%
Journey In My Lonely Feeling/Conversations
18%
Journey In The Morning Day
18%
Raised On Radio It Could Have Been You
18%
Look Into The Future It's All Too Much
18%
Trial By Fire It's Just The Rain
18%
Next I Would Find You
18%
Next Karma
18%
Journey Kohoutek (Instrumental)
18%
Escape La Raza Del Sol (2006 Remaster Bonus Track)
18%
Escape Lay It Down
18%
Look Into The Future Look Into The Future
18%
Evolution Majestic (Instrumental)
18%
Look Into The Future Midnight Dreamer
18%
Journey Mystery Mountain
18%
Departure Natural Thing (2006 Remaster Bonus Track)
18%
Next Next
18%
Journey Of A Lifetime
18%
Look Into The Future On A Saturday Nite
18%
Next People
18%
Departure People And Places
18%
Raised On Radio Positive Touch
18%
Dream, After Dream Sandcastles
18%
Look Into The Future She Makes Me (Feel Alright)
18%
Trial By Fire Still She Cries
18%
Raised On Radio The Eyes Of A Woman
18%
Freedom The Way We Used To Be
18%
Evolution Too Late
18%
Journey Topaz (Instumental)
18%
Journey To Play Some Music
18%
Frontiers Troubled Child
18%
Trial By Fire When I Think Of You
18%
Evolution When You're Alone (It Ain't Easy)
18%
Freedom You Got The Best Of Me
18%
Look Into The Future You're On Your Own
18%
Tron: Soundtrack 1990's Theme
9%
Arrival All The Things
9%
Eclipse Anything Is Possible
9%
Revelation Change For The Better
9%
Dream, After Dream Destiny
9%
Freedom Don't Give Up On Us
9%
Eclipse Human Feel
9%
Trial By Fire I Can See It In Your Eyes (Japanese Bonus Track)
9%
Freedom Let It Rain
9%
Arrival Livin' To Do
9%
Arrival Loved By You
9%
Revelation Never Walk Away
9%
Next Nickel And Dime (Instrumental)
9%
Arrival Signs Of Life
9%
Captured The Party's Over (Hopelessly In Love)
9%
Red 13 The Time
9%
Freedom United We Stand
9%
Revelation Where Did I Lose Your Love
9%
Revelation Wildest Dream
9%
Arrival World Gone Wild
9%
Generations A Better Life
0%
Freedom After Glow
0%
Freedom All Day And All Night
0%
Freedom Beautiful As You Are
0%
Generations Believe
0%
Generations Better Together
0%
Generations Beyond The Clouds
0%
Generations Butterfly (She Flies Alone)
0%
Eclipse Chain Of Love
0%
Freedom Come Away With Me
0%
Freedom Don't Go
0%
Eclipse Edge Of The Moment
0%
Generations Every Generation
0%
Generations | Revelation Faith In The Heartland
0%
Generations Gone Crazy
0%
Freedom Hard To Let It Go (Japanese Bonus Track)
0%
Freedom Holdin' On
0%
Red 13 I Can Breathe
0%
Trial By Fire If He Should Break Her Heart
0%
Arrival I Got A Reason
0%
Generations In Self-Defense
0%
Arrival Kiss Me Softly
0%
Generations Knowing That You Love Me
0%
Revelation Let It Take You Back
0%
Freedom Life Rolls On
0%
Arrival Lifetime Of Dreams
0%
Revelation Like A Sunshower
0%
Arrival Live And Breathe
0%
Freedom Live To Love Again
0%
Generations Never Too Late (Japanese Bonus Track)
0%
Arrival Nothin' Comes Close
0%
Generations Out Of Harms Way
0%
Armageddon: Soundtrack Remember Me
0%
Eclipse Resonate
0%
Eclipse Ritual
0%
Eclipse She's A Mystery
0%
Eclipse Someone
0%
Red 13 State Of Grace
0%
Freedom Still Believe In Love
0%
Eclipse Tantra
0%
Revelation The Journey (Revelation) (Instrumental)
0%
Generations The Place In Your Heart
0%
Revelation The Place In Your Heart (Japanese Bonus Track)
0%
Generations The Pride Of The Family (Japanese Bonus Track)
0%
Arrival To Be Alive Again
0%
Freedom Together We Run
0%
Eclipse To Whom It May Concern
0%
Revelation Turn Down The World Tonight
0%
Eclipse Venus (Instrumental)
0%
Red 13 Walkin' Away From The Edge
0%
Arrival We Will Meet Again
0%
Revelation What I Needed
0%
Revelation What It Takes To Win
0%
Arrival With Your Love
0%
No matching quizzes found
Score Distribution
Percent of People with Each Score
Percentile by Number Answered
Your Score History
You have not taken this quiz